000 00297nam a22001217a 4500
020 _a0-7131-3595-6
082 _a005.136 BRA'M
100 _aBRAMER, B
_965354
245 _aMC 68000 , ASSEMBLY LANGUAGE PROGRAMMING
260 _aLONDON
_bEDWARD ARNOLD
_c1986
300 _aVIII, 246P
942 _cBK
999 _c573593
_d573593